山梨県の難読地名 30コ - Statistics

General Stats
  • This quiz has been taken 35 times
  • The average score is 7 of 30
Answer Stats
漢字 回答 % Correct
韮崎(韮崎市) にらさき
97%
石和(甲府市) いさわ
94%
四方津(上野原市) しおつ
85%
金手(甲府市) かねんて
67%
禾生(都留市) かせい
55%
下粟生野(甲州市) しもあおの
30%
百々(南アルプス市) どうどう
24%
薬袋(早川町) みない
24%
教来石(北杜市) きょうらいし
21%
四尾連(三郷町) しびれ
21%
西広門田(甲州市) かわだ
18%
右左口(甲府市) うばぐち
12%
野牛島(南アルプス市) やごしま
12%
曲輪田(南アルプス市) くるわだ
12%
木賊(甲州市) とくさ
12%
入戸野(韮崎市) にっとの
12%
国玉(甲府市) くだま
9%
荊沢(南アルプス市) ばらざわ
9%
大豆生田(北杜市) まみょうだ
9%
飯喰(昭和町) いっくい
9%
棡原(上野原市) ゆずりはら
6%
葛野(大月市) かずの
6%
切差(山梨市) きっさつ
6%
黒桂(早川町) つづら
3%
楮根(南部町) かぞね
3%
舂米(富士川町) つきよね
3%
強瀬(大月市) こわぜ
3%
真木(大月市) まちまぎ
0%
福生里(甲州市) ふこおり
0%
菖蒲澤(甲斐市) しようぶさわ
0%
No matching quizzes found
Score Distribution
Percent of People with Each Score
Percentile by Number Answered
Your Score History
You have not taken this quiz